000
00274nam a2200121Ia 4500
005
20251222143130.0
008
251222s9999||||xx |||||||||||||| ||spa||
082
_a
428/G43S/3
100
_a
Gibbon, David
245
0
_a
English on-line:
264
_b
Projecta
942
_c
LIB
999
_c
11876
_d
11876